| 000 | 00575nam a2200205 4500 | ||
|---|---|---|---|
| 001 | VA61531 | ||
| 003 | ES-SlBCS | ||
| 005 | 20210601161102.0 | ||
| 008 | 140520s1971 xxu||||| |||| 00| 0 spa d | ||
| 017 | _aM-6508-1971 | ||
| 041 | _aspa | ||
| 100 | 1 |
_aRacine, Luc _9293658 |
|
| 245 | 1 | 0 |
_aEl evangelio según Paul Tillich _cLuc Racine; Eloy Requena |
| 260 |
_aMadrid : _bStudium _c, 1971 |
||
| 300 |
_a167 p.; _c21 cm |
||
| 500 | _aTít. orig.: L'Evangile selon Paul Tillich | ||
| 600 | 1 |
_aEvangelio-Tillich, Paul _9397800 |
|
| 700 | 1 |
_aRequena, Eloy _994473 |
|
| 942 | _cBK | ||
| 999 |
_c837570 _d837570 |
||